000 00704nam a2200289Ia 4500
005 20260324144424.0
008 008 260324s9999 xx 000 0 eng d
020 _a9780203079195
037 _aEBOOK
040 _aCRL
040 _beng
040 _cCRL
041 _2eng
041 _aeng
084 _qCRL
100 _aChristopher Whitby
_91219263
245 0 _aJohn Dee's Actions with Spirits (Volumes 1 and 2)
245 0 _b22 December 1581 to 23 May 1583
260 _bTaylor and Francis
260 _c1988
365 _a
365 _b420
856 _uhttp://www.taylorfrancis.com/books/9780203079195
942 _cEBOOK
999 _c1825865
_d1825865